[Event "Tenerife-chT Primera"]
[Site "Tenerife"]
[Date "2023.05.20"]
[Round "14"]
[White "Marin Dorta, Alejandro"]
[Black "Morales Motas, Alexander"]
[Result "1-0"]
[WhiteElo "1952"]
[BlackElo "1674"]
[PlyCount "73"]
[EventDate "2023.01.14"]
[EventType "team-tourn"]
[EventRounds "14"]
[EventCountry "ESP"]
[SourceTitle "EXT 2024"]
[Source "ChessBase"]
[SourceDate "2023.10.10"]
[SourceVersion "1"]
[SourceVersionDate "2023.10.10"]
[SourceQuality "1"]
[WhiteTeam "Ebano Barrio Nuevo II"]
[BlackTeam "El Sauzal Libreria Barco II"]
[WhiteTeamCountry "ESP"]
[BlackTeamCountry "ESP"]

1. e4 e5 2. Nf3 Nc6 3. d4 exd4 4. Bc4 Nf6 5. e5 Bb4+ 6. c3 dxc3 7. bxc3 Ba5 8. exf6 Qxf6 9. Qe2+ Ne7 10. Bg5 Bxc3+ 11. Kf1 Bxa1 12. Bxf6 Bxf6 13. Nbd2 0-0 14. Ne4 Ba1 15. Qd1 Bb2 16. Qb3 Bc1 17. Nfg5 d5 18. Bxd5 Nxd5 19. Qxd5 h6 20. Nf3 b6 21. Qc4 Ba3 22. Nd4 a5 23. Qb3 Ba6+ 24. Kg1 Rad8 25. Qxa3 Rxd4 26. Nc3 Re8 27. h3 Rd2 28. Qc1 Red8 29. Kh2 Rxf2 30. Ne4 Rxa2 31. Qxc7 Re8 32. Nd6 Ree2 33. Qxf7+ Kh8 34. Rg1 Rf2 35. Nf5 Rxf5 36. Qxf5 Bb7 37. Qf7 1-0

[Event "Tenerife-chT Tercera"]
[Site "Tenerife"]
[Date "2023.04.29"]
[Round "13"]
[White "Morales Motas, Alexander"]
[Black "Garcia Barrera, Jose Miguel"]
[Result "1/2-1/2"]
[WhiteElo "1674"]
[BlackElo "1289"]
[PlyCount "63"]
[EventDate "2023.01.14"]
[EventType "team-tourn"]
[EventRounds "15"]
[EventCountry "ESP"]
[SourceTitle "EXT 2024"]
[Source "ChessBase"]
[SourceDate "2023.10.10"]
[SourceVersion "1"]
[SourceVersionDate "2023.10.10"]
[SourceQuality "1"]
[WhiteTeam "El Sauzal Libreria Barco III"]
[BlackTeam "Caissa Enroque III"]
[WhiteTeamCountry "ESP"]
[BlackTeamCountry "ESP"]

1. e4 d6 2. Nc3 Nf6 3. g3 g6 4. d3 Bg7 5. Bg2 0-0 6. Bg5 h6 7. Bf4 c6 8. h4 e5 9. Bd2 h5 10. Nh3 Re8 11. f3 b5 12. Nf2 d5 13. Bg5 Qd6 14. Qd2 Nbd7 15. g4 hxg4 16. fxg4 b4 17. Ne2 dxe4 18. h5 Nf8 19. Bh6 Bh8 20. g5 Nxh5 21. Nxe4 Qe7 22. Bf3 Nf4 23. N2g3 Nh7 24. Qh2 Bh3 25. 0-0-0 a5 26. Kb1 a4 27. Bg2 Bxg2 28. Bf8 Bxh1 29. Rxh1 Kxf8 30. Qxh7 Bg7 31. Rf1 c5 32. Qh4 1/2-1/2

[Event "Tenerife-chT Primera 1819"]
[Site "Tenerife"]
[Date "2019.02.09"]
[Round "7.1"]
[White "Morales Motas, Alexander"]
[Black "Colichon Rebryck, Carlos Alexei"]
[Result "0-1"]
[WhiteElo "1685"]
[BlackElo "2019"]
[PlyCount "62"]
[EventDate "2018.11.24"]
[EventType "team-tourn"]
[EventRounds "14"]
[EventCountry "ESP"]
[SourceTitle "CBM 189 Extra"]
[Source "ChessBase"]
[SourceDate "2019.06.03"]
[SourceVersion "1"]
[SourceVersionDate "2019.06.03"]
[SourceQuality "1"]
[WhiteTeam "Benito"]
[BlackTeam "Puerto de la Cruz Piratas"]
[WhiteTeamCountry "ESP"]
[BlackTeamCountry "ESP"]

1. e4 c5 2. Nc3 d6 3. g3 g6 4. Bg2 Bg7 5. d3 Nc6 6. Nh3 Nh6 7. Bg5 Bd7 8. Qd2 Ng4 9. Qc1 Nd4 10. f3 Ne5 11. f4 Nef3+ 12. Kf2 h6 13. Bh4 Nxh4 14. gxh4 e5 15. f5 Qxh4+ 16. Kf1 gxf5 17. exf5 Bxf5 18. Nf2 0-0-0 19. Nd5 h5 20. c3 Bh6 21. Qd1 Nc6 22. Qf3 Be6 23. b4 f5 24. b5 Na5 25. b6 a6 26. Nc7 Bd7 27. Nxa6 Bc6 28. Qxf5+ Rd7 29. Bxc6 Nxc6 30. Qf3 Rf8 31. Qe2 Rdf7 0-1

[Event "Tenerife-chT Segunda 1718"]
[Site "Tenerife"]
[Date "2018.03.17"]
[Round "13.1"]
[White "Calvo Nobrega, Joaquin Manuel"]
[Black "Morales Motas, Alexander"]
[Result "1-0"]
[WhiteElo "1641"]
[BlackElo "1717"]
[PlyCount "127"]
[EventDate "2017.11.11"]
[EventType "team-tourn"]
[EventRounds "14"]
[EventCountry "ESP"]
[SourceTitle "EXT 2019"]
[Source "ChessBase"]
[SourceDate "2018.10.10"]
[SourceVersion "1"]
[SourceVersionDate "2018.10.10"]
[SourceQuality "1"]
[WhiteTeam "Circulo de Amistad XII Enero"]
[BlackTeam "Benito"]
[WhiteTeamCountry "ESP"]
[BlackTeamCountry "ESP"]

1. d4 Nf6 2. c4 e5 3. dxe5 Ng4 4. Nf3 d6 5. Bf4 Nc6 6. exd6 cxd6 7. h3 Nge5 8. Nxe5 Qa5+ 9. Bd2 Qxe5 10. Bc3 Qh5 11. Nd2 Ne5 12. Ne4 Qg6 13. Ng3 Be7 14. e3 Bh4 15. Bxe5 dxe5 16. Bd3 Qb6 17. Qd2 0-0 18. 0-0 f5 19. Ne2 Be6 20. Qc3 Bf6 21. c5 Qc7 22. Bc4 Rae8 23. Bxe6+ Rxe6 24. Qc4 Rfe8 25. Rad1 Kh8 26. Rd5 g5 27. Rfd1 R6e7 28. Rd6 Bg7 29. Nc3 Qc8 30. Qb5 a6 31. Qa5 f4 32. Rd8 Qe6 33. R1d6 Qf7 34. Nd5 fxe3 35. Nxe3 Rf8 36. Rxf8+ Bxf8 37. Qd8 Qe8 38. Nf5 Re6 39. Qxe8 Rxe8 40. Rb6 Bxc5 41. Rxb7 h5 42. b4 Bf8 43. a4 g4 44. hxg4 hxg4 45. Ne3 g3 46. fxg3 Bh6 47. Nf5 Bg5 48. Kf2 e4 49. Nd6 Rf8+ 50. Rf7 Rb8 51. b5 axb5 52. axb5 e3+ 53. Ke2 Ra8 54. b6 Ra2+ 55. Kf3 Rf2+ 56. Kg4 e2 57. b7 Rxf7 58. b8Q+ Kh7 59. Nxf7 e1Q 60. Nxg5+ Kg6 61. Qd6+ Kg7 62. Qd7+ Kf6 63. Qf7+ Ke5 64. Qe7+ 1-0

[Event "Tenerife-chT Segunda 1718"]
[Site "Tenerife"]
[Date "2018.02.10"]
[Round "9.1"]
[White "Morales Motas, Alexander"]
[Black "Diaz Reyes, Killian"]
[Result "1/2-1/2"]
[WhiteElo "1717"]
[BlackElo "1565"]
[PlyCount "153"]
[EventDate "2017.11.11"]
[EventType "team-tourn"]
[EventRounds "14"]
[EventCountry "ESP"]
[SourceTitle "EXT 2019"]
[Source "ChessBase"]
[SourceDate "2018.10.10"]
[SourceVersion "1"]
[SourceVersionDate "2018.10.10"]
[SourceQuality "1"]
[WhiteTeam "Benito"]
[BlackTeam "Fundacion La Caja de Canarias"]
[WhiteTeamCountry "ESP"]
[BlackTeamCountry "ESP"]

1. e4 d5 2. exd5 Qxd5 3. Nc3 Qa5 4. Nf3 Nf6 5. Bc4 Bf5 6. d4 c6 7. Bf4 e6 8. 0-0 Bb4 9. Ne2 Qd8 10. c3 Bd6 11. Bg5 Nbd7 12. Ng3 Bg6 13. Qb3 Qc7 14. Rfe1 0-0 15. Nh4 Rfe8 16. Nxg6 hxg6 17. Rad1 Nd5 18. Re4 N7f6 19. Rh4 Nh7 20. Bd2 Be7 21. Re4 Nhf6 22. Ree1 Bd6 23. Nf1 Ng4 24. g3 Rad8 25. Be2 Ngf6 26. Bf3 c5 27. c4 Nb6 28. dxc5 Bxc5 29. Bf4 Qe7 30. Qc2 Rc8 31. b3 Red8 32. Kg2 Bb4 33. Rxd8+ Rxd8 34. Rd1 Rxd1 35. Qxd1 e5 36. Bg5 e4 37. Be2 Nbd7 38. Ne3 Qe5 39. Bf4 Qa5 40. a4 g5 41. Bd6 Bxd6 42. Qxd6 Qb6 43. Qxb6 Nxb6 44. Ng4 Nfd7 45. a5 Nc8 46. f3 Nd6 47. Ne3 Nc5 48. b4 Nd3 49. Bxd3 exd3 50. Kf2 f5 51. c5 Nf7 52. Nxf5 Ne5 53. Ne3 Kf7 54. f4 gxf4 55. gxf4 Nc6 56. Nf5 Nxb4 57. Nd6+ Ke6 58. Nxb7 Kd5 59. Ke3 Kc6 60. Nd8+ Kxc5 61. Ne6+ Kc4 62. Kd2 Nd5 63. f5 Nf6 64. Ng5 a6 65. h4 Kd4 66. Nf3+ Ke4 67. Ne1 Kxf5 68. Nxd3 Kg4 69. Nc5 Kxh4 70. Nxa6 Ne4+ 71. Ke3 Nd6 72. Kf3 Nc4 73. Nc5 Nxa5 74. Ne6 g6 75. Nf8 g5 76. Ng6+ Kh5 77. Nf4+ 1/2-1/2

[Event "Tenerife-chT Segunda 1718"]
[Site "Tenerife"]
[Date "2017.11.18"]
[Round "2.1"]
[White "Mamani Beltran, Daniel"]
[Black "Morales Motas, Alexander"]
[Result "1-0"]
[WhiteElo "1497"]
[BlackElo "1717"]
[PlyCount "77"]
[EventDate "2017.11.11"]
[EventType "team-tourn"]
[EventRounds "14"]
[EventCountry "ESP"]
[SourceTitle "EXT 2019"]
[Source "ChessBase"]
[SourceDate "2018.10.10"]
[SourceVersion "1"]
[SourceVersionDate "2018.10.10"]
[SourceQuality "1"]
[WhiteTeam "Fundacion La Caja de Canarias"]
[BlackTeam "Benito"]
[WhiteTeamCountry "ESP"]
[BlackTeamCountry "ESP"]

1. d4 Nf6 2. c4 e5 3. dxe5 Ng4 4. Nf3 d6 5. h3 Nxe5 6. Nxe5 dxe5 7. Qxd8+ Kxd8 8. Nc3 c6 9. a3 Be6 10. e4 Nd7 11. Be3 Bc5 12. Bxc5 Nxc5 13. b4 Nd7 14. Be2 Ke7 15. Rd1 Rhd8 16. 0-0 Nb6 17. c5 Rxd1 18. Rxd1 Nc4 19. Nd5+ Bxd5 20. exd5 Nxa3 21. dxc6 bxc6 22. Bf3 Rc8 23. Be4 g6 24. Rd6 Nc4 25. Rxc6 Rxc6 26. Bxc6 f5 27. Kf1 e4 28. Bd5 Ne5 29. b5 Kd7 30. Ke2 Kc7 31. Ke3 Nd3 32. c6 Kd6 33. Bg8 h6 34. Bh7 Ne5 35. Kd4 a6 36. c7 axb5 37. c8Q Nc6+ 38. Qxc6+ Kxc6 39. Bxg6 1-0

[Event "Tenerife-chT Primera 1516"]
[Site "Tenerife"]
[Date "2016.04.02"]
[Round "11.3"]
[White "Morales Motas, Alexander"]
[Black "Chirinos Rodriguez, Jonathan Edu"]
[Result "1-0"]
[WhiteElo "1699"]
[BlackElo "1494"]
[PlyCount "71"]
[EventDate "2015.12.12"]
[EventType "team-tourn"]
[EventRounds "14"]
[EventCountry "ESP"]
[SourceTitle "EXT 2017"]
[Source "ChessBase"]
[SourceDate "2016.10.25"]
[SourceVersion "1"]
[SourceVersionDate "2016.10.25"]
[SourceQuality "1"]
[WhiteTeam "Achinet Gambito de Rey"]
[BlackTeam "El Sauzal II"]
[WhiteTeamCountry "ESP"]
[BlackTeamCountry "ESP"]

1. Nf3 Nf6 2. d4 d5 3. Bf4 Bf5 4. e3 e6 5. c4 Bb4+ 6. Nbd2 0-0 7. a3 Be7 8. h3 Nbd7 9. Rc1 c5 10. Be2 dxc4 11. Nxc4 Nd5 12. Bg3 N7f6 13. 0-0 cxd4 14. Nxd4 Bg6 15. Ne5 Be4 16. Qb3 Qb6 17. Qa2 Rac8 18. Nc4 Qd8 19. Rfd1 a6 20. f3 Rxc4 21. Bxc4 Nxe3 22. Nxe6 Qb6 23. Bf2 fxe6 24. Bxe6+ Kh8 25. Re1 Bc6 26. Bxe3 Qd8 27. Rcd1 Qb8 28. Bf2 Nh5 29. Bf7 Nf4 30. Rxe7 Bxf3 31. Rde1 Bc6 32. Qc4 Nxg2 33. R1e5 Qd8 34. Qg4 Qd3 35. Qxg7+ Kxg7 36. Bc4+ 1-0

[Event "Tenerife-chT Primera 1516"]
[Site "Tenerife"]
[Date "2016.03.05"]
[Round "9.2"]
[White "Camacho Hernandez, Francisco"]
[Black "Morales Motas, Alexander"]
[Result "1-0"]
[WhiteElo "1839"]
[BlackElo "1699"]
[PlyCount "102"]
[EventDate "2015.12.12"]
[EventType "team-tourn"]
[EventRounds "14"]
[EventCountry "ESP"]
[SourceTitle "EXT 2017"]
[Source "ChessBase"]
[SourceDate "2016.10.25"]
[SourceVersion "1"]
[SourceVersionDate "2016.10.25"]
[SourceQuality "1"]
[WhiteTeam "Casa de Venezuela"]
[BlackTeam "Achinet Gambito de Rey"]
[WhiteTeamCountry "ESP"]
[BlackTeamCountry "ESP"]

1. c4 e5 2. Nc3 Nf6 3. Nf3 Nc6 4. d3 d5 5. cxd5 Nxd5 6. e3 Be7 7. Be2 0-0 8. 0-0 f5 9. Qb3 Be6 10. Nxd5 Bxd5 11. Qc2 Nb4 12. Qd1 Bd6 13. b3 c5 14. a3 Nc6 15. Bb2 Qe7 16. Qc2 Rae8 17. e4 Be6 18. Bc3 Nd4 19. Bxd4 cxd4 20. Qd2 f4 21. b4 g5 22. Qd1 Kh8 23. Nd2 Rg8 24. Bg4 Bf7 25. Rc1 Ref8 26. Qa4 b6 27. Nc4 Be8 28. Qa6 Bb8 29. b5 h5 30. Bf5 Bg6 31. Bxg6 Rxg6 32. Nd2 g4 33. Rc8 Rgf6 34. Rxf8+ Rxf8 35. Rc1 Qd7 36. Rc6 Kg7 37. Qa4 f3 38. Qc4 fxg2 39. Kxg2 Qf7 40. Qxf7+ Rxf7 41. f3 Rc7 42. Rxc7+ Bxc7 43. fxg4 Kg6 44. Kg3 Bd8 45. Nc4 Be7 46. g5 Kg7 47. Nxe5 Bd6 48. Kf4 Bxa3 49. Nf3 Bc5 50. e5 a5 51. bxa6 b5 1-0

[Event "Tenerife-chT Primera 1516"]
[Site "Tenerife"]
[Date "2015.12.12"]
[Round "1.2"]
[White "Morales Motas, Alexander"]
[Black "Gonzalez Moreno, Juan Carlos"]
[Result "0-1"]
[WhiteElo "1699"]
[BlackElo "1685"]
[PlyCount "54"]
[EventDate "2015.12.12"]
[EventType "team-tourn"]
[EventRounds "14"]
[EventCountry "ESP"]
[SourceTitle "CBM 170 Extra"]
[Source "ChessBase"]
[SourceDate "2016.02.25"]
[SourceVersion "1"]
[SourceVersionDate "2016.02.25"]
[SourceQuality "1"]
[WhiteTeam "Achinet Gambito de Rey"]
[BlackTeam "Universidad II"]
[WhiteTeamCountry "ESP"]
[BlackTeamCountry "ESP"]

1. e4 d5 2. exd5 Nf6 3. Bc4 Bg4 4. Nf3 Nxd5 5. 0-0 Nc6 6. Nc3 Nxc3 7. bxc3 e6 8. d4 Bd6 9. h3 Bh5 10. Re1 0-0 11. a4 Ne7 12. Bg5 h6 13. Bh4 c6 14. Qd3 Qc7 15. Bxe7 Qxe7 16. Ne5 Rad8 17. Re3 Qf6 18. Rae1 Bxe5 19. Rxe5 Bg6 20. Qe2 Rd7 21. a5 Qd8 22. Bd3 Rd5 23. a6 b6 24. Re4 Qd6 25. c4 Rxd4 26. Rxd4 Qxd4 27. c3 Qxd3 0-1

[Event "Tenerife-chT Primera"]
[Site "Tenerife"]
[Date "2015.05.02"]
[Round "11.2"]
[White "Lopez Reboso, Hector Emilio"]
[Black "Morales Motas, Alexander"]
[Result "0-1"]
[WhiteElo "1964"]
[BlackElo "1701"]
[PlyCount "108"]
[EventDate "2015.01.24"]
[EventType "swiss"]
[EventRounds "14"]
[EventCountry "ESP"]
[SourceTitle "EXT 2024"]
[Source "ChessBase"]
[SourceDate "2023.10.10"]
[SourceVersion "1"]
[SourceVersionDate "2023.10.10"]
[SourceQuality "1"]
[WhiteTeam "Universidad"]
[BlackTeam "Achinet Gambito de Rey"]
[WhiteTeamCountry "ESP"]
[BlackTeamCountry "ESP"]

1. e4 Nf6 2. Nc3 d5 3. exd5 Nxd5 4. Bc4 c6 5. d4 Nxc3 6. bxc3 g6 7. Qf3 e6 8. Nh3 h6 9. 0-0 Nd7 10. Re1 Bg7 11. Bxe6 0-0 12. Bb3 Nf6 13. Nf4 Bg4 14. Qg3 Kh7 15. Ba3 Bf5 16. Be7 Qd7 17. Bxf8 Rxf8 18. f3 b5 19. Rad1 Nd5 20. Bxd5 cxd5 21. Nd3 Qc6 22. Nc5 Bxc2 23. Rd2 Bf5 24. Qf2 Bf6 25. Qe3 Bg5 26. f4 Bh4 27. g3 Bf6 28. Rf2 a5 29. a3 Bg4 30. Rb2 Rb8 31. Kf2 Qc8 32. Kg1 Qc6 33. Kf2 Qc8 34. Qd2 a4 35. h3 Qd8 36. Qe3 Qc8 37. Kg1 Bf5 38. Qf3 Qc6 39. Qe2 h5 40. Qd2 Ra8 41. Rb4 Ra7 42. Qb2 Re7 43. Rxe7 Bxe7 44. Rxb5 Bxc5 45. dxc5 Bd3 46. Rb4 Qxc5+ 47. Rd4 Bc4 48. Kg2 Bb3 49. Rb4 Qe3 50. Rd4 Bc4 51. Qd2 Qe7 52. Qb2 Qe3 53. Kh2 Be2 54. Rd2 Qf2+ 0-1

[Event "Tenerife-chT Primera"]
[Site "Tenerife"]
[Date "2015.03.07"]
[Round "5.2"]
[White "De Castro de Leon, Jorge"]
[Black "Morales Motas, Alexander"]
[Result "0-1"]
[WhiteElo "1684"]
[BlackElo "1701"]
[PlyCount "48"]
[EventDate "2015.01.24"]
[EventType "swiss"]
[EventRounds "14"]
[EventCountry "ESP"]
[SourceTitle "EXT 2024"]
[Source "ChessBase"]
[SourceDate "2023.10.10"]
[SourceVersion "1"]
[SourceVersionDate "2023.10.10"]
[SourceQuality "1"]
[WhiteTeam "Valledrez"]
[BlackTeam "Achinet Gambito de Rey"]
[WhiteTeamCountry "ESP"]
[BlackTeamCountry "ESP"]

1. e4 Nf6 2. Nc3 d5 3. exd5 Nxd5 4. Nf3 Nc6 5. Bb5 a6 6. Bxc6+ bxc6 7. Ne5 Nxc3 8. dxc3 Qxd1+ 9. Kxd1 f6 10. Nd3 e5 11. Re1 Bd6 12. Be3 0-0 13. Ke2 Rb8 14. b3 f5 15. Kf1 e4 16. Nb2 f4 17. Bc1 e3 18. fxe3 f3 19. Kf2 fxg2+ 20. Kxg2 Rb5 21. e4 Rh5 22. Nd3 Rxh2+ 23. Kg1 Rxc2 24. Rf1 Bh2+ 0-1

[Event "Tenerife-chT Primera"]
[Site "Tenerife"]
[Date "2015.01.31"]
[Round "2.2"]
[White "Morales Motas, Alexander"]
[Black "Salomon Felechosa, Jose Luis"]
[Result "1-0"]
[WhiteElo "1701"]
[BlackElo "1873"]
[PlyCount "71"]
[EventDate "2015.01.24"]
[EventType "swiss"]
[EventRounds "14"]
[EventCountry "ESP"]
[SourceTitle "EXT 2024"]
[Source "ChessBase"]
[SourceDate "2023.10.10"]
[SourceVersion "1"]
[SourceVersionDate "2023.10.10"]
[SourceQuality "1"]
[WhiteTeam "Achinet Gambito de Rey"]
[BlackTeam "Casa de Venezuela"]
[WhiteTeamCountry "ESP"]
[BlackTeamCountry "ESP"]

1. d4 Nf6 2. Bf4 g6 3. Nf3 Bg7 4. h3 0-0 5. e3 d6 6. Bd3 c5 7. Nbd2 cxd4 8. exd4 Nc6 9. c3 e5 10. Bh2 e4 11. d5 Nb8 12. Be2 exf3 13. Nxf3 Re8 14. 0-0 Nxd5 15. Bb5 Nc7 16. Bxe8 Nxe8 17. Re1 Nc6 18. Qd2 Be6 19. Ng5 Qf6 20. Nxe6 fxe6 21. Rad1 Rd8 22. Bf4 Qf7 23. Bg3 d5 24. Qc2 e5 25. b4 Nd6 26. a4 a6 27. f3 Nf5 28. Bf2 d4 29. b5 axb5 30. axb5 Na7 31. Qa4 b6 32. c4 Nd6 33. Rc1 Rc8 34. Ra1 Rc7 35. c5 bxc5 36. b6 1-0

[Event "Santa Cruz de Tenerife Verano op"]
[Site "Santa Cruz de Tenerife"]
[Date "2014.08.27"]
[Round "2"]
[White "Hernandez Leon, Sergio"]
[Black "Morales Motas, Alexander"]
[Result "1-0"]
[WhiteElo "2081"]
[BlackElo "1711"]
[PlyCount "67"]
[EventDate "2014.08.25"]
[EventType "swiss"]
[EventRounds "9"]
[EventCountry "ESP"]
[SourceTitle "CBM 162 Extra"]
[Source "ChessBase"]
[SourceDate "2014.10.17"]
[SourceVersion "1"]
[SourceVersionDate "2014.10.17"]
[SourceQuality "1"]

1. e4 d6 2. d4 g6 3. Nc3 Bg7 4. g3 e5 5. Be3 Nc6 6. d5 Nb8 7. Bg2 a5 8. Nge2 Ne7 9. Qd2 h6 10. Nb5 Bd7 11. a4 b6 12. 0-0 Na6 13. c3 Nc5 14. Qc2 0-0 15. f4 f5 16. fxe5 Bxb5 17. axb5 Nxe4 18. Bxe4 fxe4 19. Rxf8+ Qxf8 20. exd6 Qf3 21. Bf4 Nxd5 22. Qb3 e3 23. Rf1 Qh5 24. h3 Qf5 25. Rd1 g5 26. Bxe3 Re8 27. Qxd5+ Qxd5 28. Rxd5 cxd6 29. Kf2 Bf8 30. Bxb6 a4 31. Bc7 a3 32. bxa3 Ra8 33. b6 Rxa3 34. b7 1-0

[Event "Tenerife Navidad op 24th"]
[Site "Tenerife"]
[Date "2013.12.26"]
[Round "8"]
[White "Morales Motas, Alexander"]
[Black "Pozo Vinuesa, Ana"]
[Result "1-0"]
[WhiteElo "1700"]
[BlackElo "1468"]
[PlyCount "59"]
[EventDate "2013.12.13"]
[EventType "swiss"]
[EventRounds "9"]
[EventCountry "ESP"]
[SourceTitle "CBM 158 Extra"]
[Source "ChessBase"]
[SourceDate "2014.02.28"]
[SourceVersion "1"]
[SourceVersionDate "2014.02.28"]
[SourceQuality "1"]

1. e4 c5 2. Nc3 Nc6 3. g3 g6 4. Bg2 Bg7 5. d3 Nf6 6. Nge2 d6 7. Be3 0-0 8. Qd2 Bd7 9. Bh6 Qb6 10. Bxg7 Kxg7 11. Rb1 Ne5 12. h3 Rfd8 13. Nd5 Nxd5 14. exd5 Rac8 15. f4 Bxh3 16. fxe5 dxe5 17. Bxh3 Rc7 18. c4 f5 19. Bg2 h5 20. Nc3 a6 21. Qg5 Rh8 22. Bf3 Qf6 23. Qxf6+ exf6 24. b4 cxb4 25. Rxb4 b5 26. Kd2 bxc4 27. dxc4 e4 28. Bg2 Re8 29. Ke3 Kf7 30. Rhb1 1-0

[Event "Tenerife Navidad op 24th"]
[Site "Tenerife"]
[Date "2013.12.23"]
[Round "7"]
[White "Perez Castro, Victor"]
[Black "Morales Motas, Alexander"]
[Result "0-1"]
[WhiteElo "1238"]
[BlackElo "1700"]
[PlyCount "64"]
[EventDate "2013.12.13"]
[EventType "swiss"]
[EventRounds "9"]
[EventCountry "ESP"]
[SourceTitle "CBM 158 Extra"]
[Source "ChessBase"]
[SourceDate "2014.02.28"]
[SourceVersion "1"]
[SourceVersionDate "2014.02.28"]
[SourceQuality "1"]

1. d4 Nf6 2. c4 g6 3. Nc3 d5 4. Bg5 c6 5. a4 Bg7 6. Nf3 Nbd7 7. e3 Qa5 8. Bd3 dxc4 9. Bxc4 Ne4 10. Qc2 Nxg5 11. Nxg5 Qxg5 12. 0-0 Nf6 13. f4 Qh4 14. g3 Qh3 15. Rf2 h5 16. e4 Qd7 17. Rd1 Ng4 18. Re2 Qc7 19. Kg2 Nh6 20. h3 0-0 21. e5 Bf5 22. Qb3 Rad8 23. Rdd2 Qc8 24. d5 Bxh3+ 25. Kg1 Bg4 26. Rh2 Nf5 27. d6 exd6 28. e6 d5 29. exf7+ Rxf7 30. Nxd5 cxd5 31. Bxd5 Qc5+ 32. Rhf2 Kh7 0-1

[Event "Tenerife Navidad op 24th"]
[Site "Tenerife"]
[Date "2013.12.16"]
[Round "2"]
[White "Morales Motas, Alexander"]
[Black "Almenares Garcia, Mario Adrian"]
[Result "1/2-1/2"]
[WhiteElo "1700"]
[BlackElo "2043"]
[PlyCount "45"]
[EventDate "2013.12.13"]
[EventType "swiss"]
[EventRounds "9"]
[EventCountry "ESP"]
[SourceTitle "CBM 158 Extra"]
[Source "ChessBase"]
[SourceDate "2014.02.28"]
[SourceVersion "1"]
[SourceVersionDate "2014.02.28"]
[SourceQuality "1"]

1. e4 e5 2. Nf3 Nc6 3. Bb5 a6 4. Ba4 Nf6 5. 0-0 Be7 6. Re1 b5 7. Bb3 0-0 8. c3 d6 9. h3 Na5 10. Bc2 c5 11. d3 h6 12. Nbd2 Nc6 13. Nf1 Re8 14. Ng3 Bf8 15. Be3 g6 16. Qd2 Kh7 17. a4 Bb7 18. Rad1 Bg7 19. axb5 axb5 20. Ra1 Qc7 21. Ne2 Rxa1 22. Rxa1 Ra8 23. Qc1 1/2-1/2

[Event "Santa Cruz de Tenerife Amistad op"]
[Site "Santa Cruz de Tenerife"]
[Date "2013.09.21"]
[Round "7"]
[White "Morales Motas, Alexander"]
[Black "Kraus, Oliver"]
[Result "1-0"]
[WhiteElo "1663"]
[BlackElo "2053"]
[PlyCount "89"]
[EventDate "2013.09.09"]
[EventType "swiss"]
[EventRounds "7"]
[EventCountry "ESP"]
[SourceTitle "CBM 156 Extra"]
[Source "ChessBase"]
[SourceDate "2013.10.22"]
[SourceVersion "1"]
[SourceVersionDate "2013.10.22"]
[SourceQuality "1"]

1. e4 c5 2. Nc3 Nc6 3. g3 g6 4. Bg2 Bg7 5. Nge2 e6 6. d3 Nge7 7. 0-0 0-0 8. Be3 d6 9. Qd2 Nd4 10. Rab1 Rb8 11. Nd1 b6 12. Nec3 Bb7 13. Ne2 Qd7 14. c3 Nxe2+ 15. Qxe2 f5 16. Bg5 fxe4 17. dxe4 Rf7 18. Ne3 Nc6 19. Ng4 Ne5 20. Nh6+ Bxh6 21. Bxh6 Qa4 22. b3 Ba6 23. c4 Qe8 24. Rfd1 Rd7 25. Bc1 b5 26. f4 Nc6 27. Be3 bxc4 28. e5 Nb4 29. bxc4 d5 30. Bxc5 Bxc4 31. Qg4 Nc6 32. Bd6 Rxb1 33. Rxb1 Bxa2 34. Rc1 Nd4 35. Qd1 Nf5 36. Qa4 Bc4 37. Rxc4 dxc4 38. Bc6 Qd8 39. Bxd7 Qb6+ 40. Kg2 Qb2+ 41. Kh3 Ne3 42. Bxe6+ Kg7 43. Qd7+ Kh6 44. Bf8+ Kh5 45. Qxh7# 1-0

[Event "Santa Cruz de Tenerife Amistad op"]
[Site "Santa Cruz de Tenerife"]
[Date "2013.09.20"]
[Round "6"]
[White "Chirinos Rodriguez, Jonathan Edu"]
[Black "Morales Motas, Alexander"]
[Result "0-1"]
[WhiteElo "1356"]
[BlackElo "1663"]
[PlyCount "27"]
[EventDate "2013.09.09"]
[EventType "swiss"]
[EventRounds "7"]
[EventCountry "ESP"]
[SourceTitle "CBM 156 Extra"]
[Source "ChessBase"]
[SourceDate "2013.10.22"]
[SourceVersion "1"]
[SourceVersionDate "2013.10.22"]
[SourceQuality "1"]

1. e4 Nc6 2. Nf3 e5 3. Bb5 Bc5 4. Nc3 a6 5. Bxc6 dxc6 6. 0-0 Bg4 7. d3 Qf6 8. Bg5 Qg6 9. Be3 Be7 10. h3 Bxh3 11. g3 Bxf1 12. Nxe5 Qe6 13. Qh5 g6 14. Nxg6 0-1